| 000 | 01771nam0a2200397 4500 | ||
|---|---|---|---|
| 001 | RU\NLR\bibl\1732450 | ||
| 005 | 20260405190246.0 | ||
| 010 |
_a978-5-7598-0800-8 _91000 |
||
| 021 |
_aRU _b2011-919 _964 |
||
| 035 | _a(nilc)RSL-KNO-004878933 | ||
| 035 | _a(NLR Aleph) 001723396 | ||
| 090 |
_a1354017 _c1354017 |
||
| 100 | _a20110201d2010 |||y0rusy50 ca | ||
| 101 | 0 | _arus | |
| 102 | _aRU | ||
| 105 | _aa ||||||||| | ||
| 200 | 1 |
_aНалоговый менеджмент: актуальные проблемы, опыт и международная практика _fВладимирова М. П., Зайцева С. С., Лютова И. И., Тютюрюков В. Н. |
|
| 210 |
_aМосква _cГос. ун-т - Высшая школа экономики _d2010 |
||
| 215 |
_a401 с. _cил. _d20 |
||
| 320 | _aБиблиогр.: с. 394-399 (96 назв.) | ||
| 606 | 1 |
_aМенеджмент налоговый _92123800 _3RU\NLR\auth\661282138 |
|
| 686 |
_aУ9(2)261.413.3,0 _2rubbk |
||
| 686 |
_aУ526.141.33,0 _2rubbk |
||
| 686 | _aУ26(2)141.3 | ||
| 686 | _aУ26(0)141.3 | ||
| 701 | 1 |
_4070 _8rus _7ca _aВладимирова _bМ. П. _cэкономист _f1963- _gМаргарита Петровна _3RU\NLR\auth\7730756 _913774 |
|
| 701 | 1 |
_4070 _8rus _7ca _aЗайцева _bС. С. _cканд. экон. наук _gСветлана Сергеевна _3RU\NLR\auth\7782445 _965373 |
|
| 701 | 1 |
_aЛютова _bИ. И. _gИрина Ивановна _4070 |
|
| 701 | 1 |
_aТютюрюков _bВ. Н. _gВладимир Николаевич _4070 |
|
| 801 | 0 |
_aRU _bRuMoRKP _c20110201 _grcr |
|
| 801 | 1 |
_aRU _bRuMoRGB _c20110201 |
|
| 801 | 2 |
_aRU _bNLR _c20110207 _grcr |
|
| 830 | _aчасть авт. по базе | ||
| 942 | _cBOOK | ||
| 980 | _aNB | ||